Principios de análisis del texto literario

Gardado en:
Detalles Bibliográficos
Autor Principal: Segre, Cesare (Author)
Formato: Libro
Idioma:Lingua castelá
Publicado: Barcelona Crítica 1985
Subjects:
Tags: Engadir etiqueta
Sen Etiquetas, Sexa o primeiro en etiquetar este rexistro!

MARC

LEADER 00000nam a2200000 a 4500
001 UCY5285
003 CL-VaPUC
008 950421e19850000SP |||||||||||||||||spa|d
082 0 4 |a 801.95  |b SEG  |2 21 
100 0 |a Segre, Cesare  |e author  |9 333978 
245 1 0 |a Principios de análisis del texto literario 
300 |a 408 p 
942 |c BK 
945 |d 19950421 00:00:00  |a rbrito 
260 |a Barcelona  |b Crítica  |c 1985 
650 0 |a Crítica literaria   |9 269189 
583 |a last modification  |c 19950421 00:00:00  |k Rodrigo Vera 
999 |c 232978  |d 232976 
952 |0 0  |1 0  |4 0  |6 801_950000000000000_SEG_1985  |7 0  |8 A  |9 238005  |a FDOPOS  |b FDOPOS  |d 2019-11-18  |i 1318411  |o 801.95 SEG 1985  |p 1318411  |r 2025-01-22  |w 2019-11-18  |y BK  |k MLH